000 00779nam a2200253Ia 4500
003 OSt
005 20221005083941.0
006 a|||||r|||| 00| 0
007 ta
008 221004b |||||||| |||| 00| 0 eng d
020 _a978030026364 (hbk)
_cUSD 25.00
024 _a33878
037 _b52097, 31/08/2017, Segment Book Distributors
_cTextual
040 _aCRL
_cCRL
_beng
041 _2eng
_aeng
082 _aXv, Q7
100 _aKishtainy Niall Au.
_9612930
245 0 _aLittle history of economics
260 _aNew Haven
_bYale University Press U.S.A
_c2017
300 _avi,249p.
_ccm.
650 _aECONOMICS - HISTORY
942 _hXv, Q7
_cTEXL
_2cc
999 _c991811
_d991811